| 000 | 00583nam a22001937a 4500 | ||
|---|---|---|---|
| 005 | 20230912162708.0 | ||
| 010 | _aUR-12233 | ||
| 020 |
_c300.00 _a25823612 |
||
| 035 | _aU-10788 | ||
| 037 |
_bDBAD/PUB _a- |
||
| 082 | _a841 | ||
| 100 |
_aظفر ، سیّد آل _956483 |
||
| 245 |
_aساغر ادب / _cسیّد آل ظفر |
||
| 246 |
_aSagar-E-Adab / _bby Syyed Aali Adab |
||
| 260 |
_aBihar _bSyed Alay Zafar _c2022 ء |
||
| 270 |
_aB.R.A. Bihar University, Muzaffarpur _bBihar _e842001 |
||
| 300 |
_a400 ص _c20cm(pbk) |
||
| 942 |
_2ddc _cUR _h841 _mظ ف ر |
||
| 999 |
_c198049 _d198049 |
||